|
|
|
|
| LEADER |
01829nam a2200349 a 4500 |
| 001 |
00022342 |
| 008 |
110420s2005 bg w 000 0 mul d |
| 040 |
|
|
|a BD-DhAAL
|c BD-DhAAL
|
| 041 |
|
|
|a Eng
|a Ben
|
| 082 |
0 |
0 |
|a 348.5492/046
|2 22
|
| 999 |
|
|
|c 10744
|d 10744
|
| 999 |
|
|
|c 10744
|
| 130 |
0 |
|
|a DLR
|9 4088
|
| 245 |
0 |
4 |
|a The Dhaka law reports :
|b a monthly law journal,
|c Founder editor, Obaidul Huq Chowdhury, Chief editor, A. Muntaquim Chaudhury, editor, Shahabuddin Ahmed,
|n volume no. 57
|
| 246 |
1 |
7 |
|a The Dhaka Law Reports.
|
| 260 |
|
|
|a Dhaka :
|b Dhaka Law Reports,
|c 2005
|
| 300 |
|
|
|a Various pagings :
|c 25 cm.
|
| 362 |
0 |
|
|a Vol.LVII,2005
|
| 500 |
|
|
|a Cit. 57 DLR(AD);57 DLR etc.
|
| 500 |
|
|
|a "A journal of law reports."
|
| 541 |
|
|
|e 00022342
|
| 590 |
|
|
|a Published yearly.
|
| 650 |
|
0 |
|a Law reports, digests, etc.
|z Bangladesh.
|9 4089
|
| 700 |
1 |
|
|a Chowdhury,Obaidul Haque.
|9 3894
|
| 700 |
1 |
|
|a Chaudhury,A. Muntaquim.
|9 1692
|
| 700 |
1 |
|
|a Ahmad,Shahabuddin.
|9 4090
|
| 852 |
4 |
|
|a Ayesha Abed Library
|j General shelf
|
| 942 |
|
|
|2 ddc
|c 1HOUR
|0 4
|
| 952 |
|
|
|0 0
|1 0
|2 ddc
|4 0
|6 348_549204600000000_DHA
|7 0
|8 REF
|9 16162
|a BRACUL
|b BRACUL
|c REF
|d 2011-04-20
|l 14
|o 348.5492046 DHA
|p 3010022342
|r 2020-03-04
|s 2020-03-04
|t 1
|w 2011-04-20
|y 1HOUR
|x Available
|
| 952 |
|
|
|0 0
|1 0
|2 ddc
|4 0
|6 348_549204600000000_DHA
|7 0
|8 REF
|9 20130
|a BRACUL
|b BRACUL
|c REF
|d 2012-05-02
|l 14
|o 348.5492046 DHA
|p 3010024459
|r 2019-04-07
|s 2019-04-07
|t 2
|w 2012-05-02
|y 1HOUR
|
| 952 |
|
|
|0 0
|1 0
|2 ddc
|4 0
|6 348_549204600000000_DHA
|7 0
|8 REF
|9 24012
|a BRACUL
|b BRACUL
|c REF
|d 2014-03-24
|l 0
|o 348.5492046 DHA
|p 3010020942
|r 2014-03-24
|t 3
|w 2014-03-24
|y 1HOUR
|x Previously missing book recovered on 11 January 2026
|
| 952 |
|
|
|0 0
|1 0
|2 ddc
|4 0
|6 348_549200000000000_046_DHA
|7 0
|8 REF
|9 54136
|a BRACUL
|b BRACUL
|c REF
|d 2015-06-08
|g 994.00
|l 13
|o 348.5492046 DHA
|p 3010029160
|r 2020-03-11
|s 2020-03-11
|t 4
|w 2015-06-08
|y 1HOUR
|